<?xml version="1.0" encoding="UTF-8"?>
<record
    xmlns:xsi="http://www.w3.org/2001/XMLSchema-instance"
    xsi:schemaLocation="http://www.loc.gov/MARC21/slim http://www.loc.gov/standards/marcxml/schema/MARC21slim.xsd"
    xmlns="http://www.loc.gov/MARC21/slim">

  <leader>00672cam a2200229   4500</leader>
  <controlfield tag="001">sa 65000958 </controlfield>
  <controlfield tag="003">DLC</controlfield>
  <controlfield tag="005">20260227112106.0</controlfield>
  <controlfield tag="008">900918m19619999ii            000 1dtamo </controlfield>
  <datafield tag="010" ind1=" " ind2=" ">
    <subfield code="a">sa 65000958 </subfield>
  </datafield>
  <datafield tag="040" ind1=" " ind2=" ">
    <subfield code="a">DLC</subfield>
    <subfield code="c">DLC</subfield>
    <subfield code="d">DLC</subfield>
  </datafield>
  <datafield tag="050" ind1="0" ind2="0">
    <subfield code="a">PL4758.8</subfield>
    <subfield code="b">.K3</subfield>
  </datafield>
  <datafield tag="245" ind1="0" ind2="0">
    <subfield code="a">Katai ara&#x1E45;kam; ma&#x1E47;ikkataika&#x1E37;.</subfield>
  </datafield>
  <datafield tag="250" ind1=" " ind2=" ">
    <subfield code="a">[Mutar&#x332; patippu].</subfield>
  </datafield>
  <datafield tag="260" ind1=" " ind2=" ">
    <subfield code="a">Maturai,</subfield>
    <subfield code="b">M&#x12B;n&#x332;&#x101;&#x1E6D;ci Puttaka Nilaiyam,</subfield>
    <subfield code="c">1961-&lt;2004&gt;</subfield>
  </datafield>
  <datafield tag="300" ind1=" " ind2=" ">
    <subfield code="a">v. &lt;1-6   &gt; ;</subfield>
    <subfield code="c">19 cm.</subfield>
  </datafield>
  <datafield tag="500" ind1=" " ind2=" ">
    <subfield code="a">Short stories.</subfield>
  </datafield>
  <datafield tag="500" ind1=" " ind2=" ">
    <subfield code="a">In Tamil.</subfield>
  </datafield>
  <datafield tag="500" ind1=" " ind2=" ">
    <subfield code="a">Includes brief biographical sketches of the authors.</subfield>
  </datafield>
  <datafield tag="650" ind1=" " ind2="0">
    <subfield code="a">Short stories, Tamil.</subfield>
  </datafield>
  <datafield tag="650" ind1=" " ind2="0">
    <subfield code="a">Tamil fiction</subfield>
    <subfield code="y">20th century.</subfield>
  </datafield>
  <datafield tag="999" ind1=" " ind2=" ">
    <subfield code="c">61835</subfield>
    <subfield code="d">61835</subfield>
  </datafield>
</record>
